000 00342 a2200169 4500
001 186563
020 _a
040 _cMagnum
100 _aBrindeiro, Myriam
240 1 0 _aCoceira no ouvido
_lpor
245 1 0 _aCoceira no ouvido
300 _a24
362 0 _a1996
440 1 _aBagaço
697 _aLITERATURA INFANTO
942 _cBK
999 _c186563
_d186563